| 000 | 00380nam a2200145Ia 4500 | ||
|---|---|---|---|
| 008 | 231129s2004||||xx |||||||||||||| ||spa|| | ||
| 020 | _a958-42-0854-3 | ||
| 040 | _bspa | ||
| 082 | _aR 463 F395d | ||
| 100 | _aFerro Medina Germán | ||
| 245 | 0 | _aDiccionario de palabras que mueren | |
| 260 | _c2004 | ||
| 264 | _aPlaneta | ||
| 942 |
_2ddc _cBKS |
||
| 999 |
_c9373 _d9373 |
||